00788nam a2200217 i 450000100060000000300090000600500170001500700030003200800410003510000260007624500960010226000330019830000210023149000430025265000230029570000300031883000510034885200320039999900170043195201220044851041ES-MaACL20230906162302.0t|030808s1967 sp ||||1| spa d1 aChanson, Paul.93798113aEl celibato y los curas / cPaul Chanson ; traducción del francés por Eulalio Cortés. aMadrid : bStudium, c[1967] a48 p. ; c18 cm.1 aColeccion "De Pastoral". Serie B ; v804aSacerdotes.9169591 aCortés, Eulalio.9408470 aColeccion "De Pastoral". Serie B ; v89230161 aES-MaACLjC-33668 bR.64262 c51041d51041 00104070aATENEOMbATENEOMcDEPO2d2008-01-17eSCl0oC-33668p1053675r2023-02-23 00:00:00w2023-02-23yMONOGRAFIA